Spracovanie odpadových PET plastov (Processing of the PET waste) [CD-ROM] : Bakalárska práca

Salvato in:
Dettagli Bibliografici
Autore principale: Slušná, Silvia, 1984- (Autore)
Altri autori: Peciar, Marián, 1957- (xxx), Sárkány, Ondrej (Opponente)
Natura: Manoscritto Libro
Lingua:slovacco
Pubblicazione: Bratislava : STU v Bratislave SjF, 2008
Edizione:1.vyd.
Soggetti:
Tags: Aggiungi Tag
Nessun Tag, puoi essere il primo ad aggiungerne!!

MARC

LEADER 00000ntm a22000003a 4500
001 stu175931
005 20150617225557.0
008 081119s2008----xo------------------slo-d
040 |a STU  |b slo 
041 0 |a slo 
044 |a xo 
100 1 |a Slušná, Silvia,  |d 1984-  |4 aut  |u J0040  |9 100  |U SjF Strojnícka fakulta  |T SjF Ústav chemických a hydraulických strojov a zariadení  |X 13735  |U J0040  |Y 807  |7 A000013735 
245 1 |a Spracovanie odpadových PET plastov (Processing of the PET waste) [CD-ROM] :  |b Bakalárska práca 
250 |a 1.vyd. 
260 |a Bratislava :  |b STU v Bratislave SjF,  |c 2008 
300 |a 54 s 
650 7 |a polyetyléntereftalát  |2 stusub 
650 7 |a recyklácia  |2 stusub 
650 7 |a odpad  |2 stusub 
650 7 |a spracovanie PET odpadu  |2 stusub 
650 7 |a Polyethylene terephthalate  |2 estusub 
650 7 |a recycling  |2 estusub 
650 7 |a waste  |2 estusub 
650 7 |a processing of biomass  |2 estusub 
700 1 |a Peciar, Marián,  |d 1957-  |4 xxx  |u J0040  |U SjF Strojnícka fakulta  |T SjF Ústav chemických a hydraulických strojov a zariadení  |X 2359  |U J0040  |Y 807  |7 A000002359 
700 1 |a Štofila, Albín,  |d 1949-  |4 csl  |u J0040  |U SjF Strojnícka fakulta  |T SjF Ústav chemických a hydraulických strojov a zariadení  |X 2292  |U J0040  |Y 807  |7 A000002292 
700 1 |a Sárkány, Ondrej  |4 opn 
996 |b 284J035018  |c J*19/BP  |l JJSK  |s A  |a 24  |w stu175931_0001